Caracterización del mercado laboral en Chile

Salvato in:
Dettagli Bibliografici
Ente Autore: Chile Califica Sistema de Formación Permanente (Autore)
Natura: Libro
Lingua:spagnolo
Pubblicazione: Santiago Ministerio de Economía 2005
Edizione:1a. ed
Soggetti:
Tags: Aggiungi Tag
Nessun Tag, puoi essere il primo ad aggiungerne!!

MARC

LEADER 00000nam a2200000 a 4500
001 UCG1800
003 CL-VaPUC
008 100520e20050000CL |||||||||||||||||spa|d
082 0 4 |a 331.11983  |b CHI  |2 21 
110 2 |a Chile Califica Sistema de Formación Permanente  |e author  |9 549829 
245 1 0 |a Caracterización del mercado laboral en Chile 
250 |a 1a. ed 
300 |a 292 p 
942 |c BK 
945 |d 20100520 00:00:00  |a rbrito 
260 |a Santiago  |b Ministerio de Economía  |c 2005 
650 0 |a Trabajo y empleo  |9 315054 
650 0 |a Mercado laboral   |9 375911 
650 0 |a Economía laboral   |9 358958 
650 0 |a Estadística   |9 259535 
650 7 |a SECTOR LABORAL  |2 CL-VaPUC  |9 549830 
583 |a last modification  |c 20100520 00:00:00  |k Rodrigo Vera 
999 |c 341063  |d 341061 
952 |0 0  |1 0  |4 0  |6 331_119830000000000_CHI_2005  |7 0  |8 A  |9 436280  |a BIBEDU  |b BIBEDU  |d 2019-11-22  |i 4677080  |o 331.11983 CHI 2005  |p 4677080  |r 2019-11-22  |w 2019-11-22  |y BK  |k EPE